Imiona nadane chłopcom w 2003 roku - Statystyki

Ogólne statystyki
  • Ten quiz został rozwiązany 44 razy
  • Średni wynik to 63 z 100
Statystyki odpowiedzi
Hint Odpowiedź % Poprawnych
B Bartosz
96%
M Mateusz
96%
B Bartłomiej
92%
D Damian
92%
G Grzegorz
92%
J Jan
92%
M Michał
92%
P Paweł
92%
P Piotr
92%
T Tomasz
92%
W Wojciech
92%
I Igor
88%
K Kamil
88%
K Karol
88%
K Krzysztof
88%
M Marek
88%
M Mariusz
88%
A Adam
85%
A Antoni
85%
F Filip
85%
J Jakub
85%
Ł Łukasz
85%
P Patryk
85%
R Robert
85%
S Sebastian
85%
D David
81%
D Dawid
81%
H Hubert
81%
S Szymon
81%
A Aleks
77%
A Aleksander
77%
D Dominik
77%
K Kacper
77%
M Marcin
77%
M Miłosz
77%
N Natan
77%
O Oskar
77%
W Wiktor
77%
D Daniel
73%
D Dariusz
73%
E Emil
73%
E Eryk
73%
F Franciszek
73%
K Krystian
73%
M Mikołaj
73%
N Norbert
73%
O Oliwer
73%
O Oliwier
73%
P Przemysław
73%
R Rafał
73%
A Andrzej
69%
M Maciej
69%
R Radosław
69%
S Stanisław
69%
A Adrian
65%
C Cezary
65%
J Jacek
65%
J Julian
65%
O Olaf
65%
T Tymoteusz
65%
K Konrad
62%
K Kuba
62%
M Marcel
62%
N Nikodem
62%
A Arkadiusz
58%
A Artur
58%
G Gabriel
58%
J Jarosław
58%
M Maksym
58%
M Maksymilian
58%
A Alan
54%
B Błażej
54%
I Ignacy
50%
J Juliusz
46%
K Kornel
46%
D Dorian
38%
F Fabian
38%
R Remigiusz
38%
S Sylwester
38%
B Borys
35%
S Sławomir
35%
T Tobiasz
35%
A Albert
31%
A Amadeusz
31%
B Bruno
31%
K Kordian
31%
G Gracjan
27%
K Kajetan
27%
W Witold
27%
C Cyprian
23%
K Klaudiusz
23%
K Ksawery
23%
M Marceli
23%
E Ernest
19%
S Samuel
19%
J Jędrzej
15%
K Kewin
15%
S Seweryn
15%
D Denis
8%
A Aleksy
4%
Nie znaleziono quizów pasujących do podanych kryteriów
Rozkład punktacji
Procent ludzi z każdym wynikiem
Percentyl według liczby udzielonych odpowiedzi
Twoja historia wyników
Nie rozwiązałeś tego quizu